000 00370nam a2200145Ia 4500
003 GCL
008 140319s9999 xx 000 0 ara d
040 _aGCL /
_cGCL
082 0 4 _a811.9
_bز ص
100 1 _aزاهى وهبى
245 1 0 _aصادقوا قمرا /
_cزاهى وهبى
260 _a[S.N] :
_bدار الجديد ،
_c1992
300 _a68 ص
490 _a
999 _c32217
_d32217